000 00441nam a2200157Ia 4500
003 GCL
008 140319s9999 xx 000 0 ara d
020 _a5096708977
040 _aGCL /
_cGCL
082 0 4 _a813
_bن ت
100 1 _aنجلاء محمود محرم
245 1 0 _aتعظيم سلام /
_cنجلاء محمود محرم
300 _a128 ص ؛
_c16 سم
650 0 4 _aالادب العربى - مجموعات
942 _2ddc
_cBK
999 _c57626
_d57626